00385nam a2200157Ia 4500008004100000020001800041082001700059100001800076245002400094250000800118260002700126300001000153500002500163650001600188700002300204230524s9999 xx 000 0 und d a9788183712880 a621.382bBAB aP.Ramesh Babu 0aSignals and Systems a1ST aCHENNAIbScitechc2005 a11.11 aQuantity Number: 13 aElectronics a R.Anand Natarajan